000
00232nam a22000977a 4500
100
_a
Benny, K.K
245
_a
Aadayam vardhippikkal: Polinte policy
260
_b
Rubber, 680(January): 22-24.
_c
2023
300
_b
Malayalam
942
_c
JS
999
_c
74948
_d
74948